000 00869nam a2200253 a 4500
001 68928
003 BD-RjUL
005 20211209081829.0
008 170408s2000 bg ||||| |||| 00| 0 ben d
020 _c: TK 105.00
035 _a(BD-RjUL)69139
040 _aBD-RjUL
_bben
_cBD-RjUL
041 _aben
082 _223
_a657.45
_bULN 2000
100 _aউল্লাহ, ওয়ালী
_9143398
245 1 0 _aনিরীক্ষা শাস্ত্র
_b= Auditing /
_cওয়ালী উল্লাহ
250 _a৬ষ্ঠ সং.
260 _aঢাকা :
_bআবিদ পাবলিকেশন,
_c২০০০
300 _a৬২৪ পৃ.
_c১৯ সেমি.
504 _aগ্রন্থপন্জি সংযুক্ত
650 _aনিরীক্ষণ
_9118704
650 _aAuditing
_9143399
942 _2ddc
_cBK
999 _c68928
_d68928